La réforme des prodédures de nullité de marriage: une étude critique

Enregistré dans:
Détails bibliographiques
Auteurs principaux: Dounot, Cyrille (Auteur), Dussaubat, Francois (Auteur)
Format: Livre
Langue:français
Publié: París Artege Lethielleux 2016
Édition:1a. ed
Collection:Canonica
Sujets:
Tags: Ajouter un tag
Pas de tags, Soyez le premier à ajouter un tag!

MARC

LEADER 00000cam a2200000 a 4500
001 UCD8018
003 CL-VaPUC
008 170422e20160000fr |||||||||||||||||fre|d
020 |a 9782249623844 
082 0 4 |a 262.933  |b DOU  |2 21 
100 0 |a Dounot, Cyrille  |e author  |9 591877 
700 0 |a Dussaubat, Francois  |e author  |9 591878 
245 1 3 |a La réforme des prodédures de nullité de marriage: une étude critique 
250 |a 1a. ed 
300 |a 246 p 
942 |c BK 
945 |d 20170422 00:05:00  |a dcastane 
260 |a París  |b Artege Lethielleux  |c 2016 
650 7 |a DERECHO CANONICO  |2 CL-VaPUC  |9 591879 
650 7 |a MATRIMONIO  |2 CL-VaPUC  |9 591880 
650 0 |a Iglesia Católica  |9 256114 
650 0 |a Nulidad matrimonial  |9 399857 
583 |a last modification  |c 20170422 00:05:00  |k Rodrigo Vera 
490 0 |a Canonica 
999 |c 367799  |d 367797 
952 |0 0  |1 0  |3 erb  |4 0  |6 262_933000000000000_DOU_2016  |7 0  |8 A  |9 482882  |a BIBDER  |b BIBDER  |i 5373328  |o 262.933 DOU 2016  |p 5373328  |r 2023-01-25  |w 2019-11-24  |y BK  |z Catalogado en:20170422  |k DER